000
00294nam a22001337a 4500
008
170817b xxu||||| |||| 00| 0 eng d
020
_a
013307496-X
041
_a
eng
080
_a
51
100
_a
36
101
_a
MAT
245
_a
THE FAST FOURIER TRANSFORM
_c
BRIGHAM,E.O
942
_2
udc
_c
BK
999
_c
23842
_d
23842